000 00686nam a2200241Ia 4500
003 OSt
005 20220924132059.0
006 a|||||r|||| 00| 0
007 ta
008 220923b |||||||| |||| 00| 0 san d
024 _a9607
037 _cTextual
040 _aARTS
_cARTS
_bsan
041 _2san
_asan
082 _aMxF00:1, 15G9.1,.2-;1
100 _aSomesvara Bulokamalla
_9203668
245 0 _aManasollasa Vol 1 ed by G K Shrigondekar
260 _c0939
490 _aGaekwadi Oriental series ed by B J Sandesara; 28
650 _aINDUSTRIAL ARTS
942 _hMxF00:1, 15G9.1,.2-;1
_cTEXL
_2CC
999 _c429153
_d429153